Report of governmental efficiency committee on state -leased land (Record no. 498301)

000 -LEADER
fixed length control field 00469cam a22001217a 4500
008 - FIXED-LENGTH DATA ELEMENTS--GENERAL INFORMATION
fixed length control field 180718b1973 xxu||||| |||| 00| 0 eng d
082 ## - DEWEY DECIMAL CLASSIFICATION NUMBER
Classification number T6x73 Un3
100 ## - MAIN ENTRY--PERSONAL NAME
Personal name Governmental Efficiency Committee
245 ## - TITLE STATEMENT
Title Report of governmental efficiency committee on state -leased land
Statement of responsibility, etc. by Governmental Efficiency Committee, Department of Military Affairs
260 ## - PUBLICATION, DISTRIBUTION, ETC.
Place of publication, distribution, etc. Chicago
Name of publisher, distributor, etc. Department of Military Affairs
Date of publication, distribution, etc. 1973
300 ## - PHYSICAL DESCRIPTION
Extent 141+p.
700 ## - ADDED ENTRY--PERSONAL NAME
Personal name Department of Military Affairs
Holdings
Withdrawn status Lost status Damaged status Not for loan Permanent Location Current Location Date acquired Full call number Barcode Date last seen Price effective from Koha item type
        Indian Institute of Public Administration Indian Institute of Public Administration 2018-08-04 T6x73 Un3 GG13980 2018-08-04 2018-08-04 GG

Powered by Koha